[Event "1st Balkan Grand Prix - Final tournamen"]
[Site "Pleven BUL"]
[Date "2010.01.11"]
[Round "1.1"]
[White "Szabo, Gergely-Andras-Gyul"]
[Black "Lupulescu, Constantin"]
[Result "1/2-1/2"]
[WhiteElo "2541"]
[BlackElo "2592"]
[PlyCount "44"]
[EventDate "2010.??.??"]

1. e4 c5 2. Nf3 d6 3. d4 cxd4 4. Nxd4 Nf6 5. f3 e5 6. Nb3 d5 7. Bg5 Be6 8. Bxf6
gxf6 9. exd5 Qxd5 10. Qxd5 Bxd5 11. Nc3 Be6 12. O-O-O Nd7 13. Nb5 Ke7 14. Nc7
Rd8 15. Nd5+ Bxd5 16. Rxd5 Bh6+ 17. Kb1 Nc5 18. Bc4 Rxd5 19. Bxd5 Nxb3 20. axb3
b6 21. Rd1 Rd8 22. c3 a5 1/2-1/2

[Event "1st Balkan Grand Prix - Final tournamen"]
[Site "Pleven BUL"]
[Date "2010.01.11"]
[Round "1.2"]
[White "Chatalbashev, Boris"]
[Black "Nikolov, Momchil"]
[Result "1/2-1/2"]
[WhiteElo "2561"]
[BlackElo "2539"]
[PlyCount "94"]
[EventDate "2010.??.??"]

1. d4 Nf6 2. c4 e6 3. g3 d5 4. Nf3 Bb4+ 5. Bd2 Be7 6. Bg2 O-O 7. O-O c6 8. Qc2
b6 9. Rd1 a5 10. Bf4 Ba6 11. Nbd2 Nbd7 12. e4 Rc8 13. e5 Ne8 14. Bf1 Nc7 15.
cxd5 cxd5 16. Rac1 Nb8 17. h4 h6 18. Qb3 Na8 19. Qe3 Qd7 20. Nh2 Rxc1 21. Rxc1
Rc8 22. Ndf3 Rxc1 23. Qxc1 Bxf1 24. Qxf1 Qc6 25. Ng4 Nc7 26. Kg2 Qc2 27. Qc1
Qxc1 28. Bxc1 h5 29. Ne3 a4 30. Nc2 Nc6 31. Kf1 Na6 32. Ke2 Nab4 33. Nxb4 Nxb4
34. a3 Nc6 35. Kd3 f6 36. Bf4 Kf7 37. Nd2 b5 38. f3 Kg6 39. exf6 gxf6 40. Nb1
b4 41. axb4 Nxb4+ 42. Kd2 Nc6 43. Kd3 Kf5 44. Nc3 a3 45. bxa3 Bxa3 46. Nb5 Be7
47. Bd6 Bd8 1/2-1/2

[Event "1st Balkan Grand Prix - Final tournamen"]
[Site "Pleven BUL"]
[Date "2010.01.11"]
[Round "1.4"]
[White "Krivokapic, Marko"]
[Black "Iotov, Valentin"]
[Result "1/2-1/2"]
[WhiteElo "2422"]
[BlackElo "2575"]
[PlyCount "87"]
[EventDate "2010.??.??"]

1. e4 c5 2. Nf3 e6 3. d4 cxd4 4. Nxd4 Nc6 5. Nc3 Qc7 6. Be2 a6 7. O-O Nf6 8.
Kh1 Be7 9. f4 d6 10. Be3 O-O 11. Qe1 Nxd4 12. Bxd4 b5 13. a3 Bb7 14. Qg3 Rad8
15. Rae1 Rd7 16. Bd3 Re8 17. Nd1 Qd8 18. Nf2 g6 19. Ng4 Nxg4 20. Qxg4 Bf6 21.
Bxf6 Qxf6 22. e5 Qg7 23. Re3 dxe5 24. fxe5 Qh6 25. Ree1 Red8 26. Rf4 Rc8 27.
Kg1 Rc5 28. Rf2 Rcd5 29. Rf4 Qf8 30. b4 Qc8 31. Re3 Qd8 32. Qg3 Qb6 33. Rf2 Rd4
34. h3 Qd8 35. Kh2 Kg7 36. Rf6 Qa8 37. Qg5 Be4 38. Bxe4 Rxe4 39. Rd3 Rxd3 40.
cxd3 Rd4 41. Rf4 Rxf4 42. Qxf4 Qd5 43. Qe3 Qb3 44. Qf3 1/2-1/2

[Event "1st Balkan Grand Prix - Final tournamen"]
[Site "Pleven BUL"]
[Date "2010.01.11"]
[Round "1.5"]
[White "Vuckovic, Bojan"]
[Black "Drasko, Milan"]
[Result "1-0"]
[WhiteElo "2626"]
[BlackElo "2537"]
[PlyCount "99"]
[EventDate "2010.??.??"]

1. e4 e6 2. d4 d5 3. Nc3 Bb4 4. e5 Ne7 5. a3 Bxc3+ 6. bxc3 c5 7. Qg4 O-O 8. Bd3
f5 9. exf6 Rxf6 10. Bg5 Rf7 11. Qh5 g6 12. Qd1 Nbc6 13. Nf3 Qf8 14. O-O c4 15.
Be2 h6 16. Bc1 Kh7 17. a4 Bd7 18. Qd2 b6 19. h3 Rd8 20. Ba3 Bc8 21. Rae1 Qg7
22. Bd1 g5 23. Nh2 Ng6 24. Bh5 e5 25. Bxg6+ Qxg6 26. dxe5 Rf4 27. Bd6 d4 28.
cxd4 Nxd4 29. c3 Nb3 30. Qe3 Qd3 31. f3 Qxe3+ 32. Rxe3 Be6 33. Ng4 Kg6 34. Nf2
Rd7 35. Rd1 a5 36. Ne4 b5 37. axb5 Rb7 38. Ba3 Rxb5 39. Nd6 Rb8 40. g3 Rff8 41.
Kg2 a4 42. Re2 h5 43. Ne4 Rfd8 44. Rxd8 Rxd8 45. Nxg5 Bf5 46. e6 Rd2 47. Rxd2
Nxd2 48. g4 hxg4 49. hxg4 Kxg5 50. Be7+ 1-0

[Event "1st Balkan Grand Prix-final r_2"]
[Site "Pleven BUL"]
[Date "2010.01.12"]
[Round "2.1"]
[White "Lupulescu, Constantin"]
[Black "Drasko, Milan"]
[Result "1/2-1/2"]
[WhiteElo "2592"]
[BlackElo "2537"]
[PlyCount "28"]
[EventDate "2010.01.11"]
[EventRounds "9"]
[EventCountry "BUL"]
[EventCategory "12"]

1. e4 e6 2. d4 d5 3. Nd2 Be7 4. e5 c5 5. Qg4 Bf8 6. dxc5 Qc7 7. Qg3 Nd7 8. Ngf3
Ne7 9. Bd3 Nxc5 10. Nd4 Nxd3+ 11. cxd3 Ng6 12. N2f3 f6 13. Bf4 Nxf4 14. Qxf4
Bb4+ 1/2-1/2

[Event "1st Balkan Grand Prix-final r_2"]
[Site "Pleven BUL"]
[Date "2010.01.12"]
[Round "2.2"]
[White "Iotov, Valentin"]
[Black "Vuckovic, Bojan"]
[Result "1/2-1/2"]
[WhiteElo "2575"]
[BlackElo "2626"]
[PlyCount "35"]
[EventDate "2010.01.11"]
[EventRounds "9"]
[EventCountry "BUL"]
[EventCategory "12"]

1. d4 Nf6 2. Bg5 e6 3. e4 h6 4. Bxf6 Qxf6 5. c3 d5 6. Nd2 c5 7. Ngf3 cxd4 8.
exd5 exd5 9. Nxd4 Nc6 10. Bb5 Be7 11. Qf3 Qe5+ 12. Qe2 Qxe2+ 13. Kxe2 Bd7 14.
N2f3 a6 15. Bd3 Bg4 16. Kd2 Bxf3 17. Nxf3 O-O-O 18. Rhe1 1/2-1/2

[Event "1st Balkan Grand Prix-final r_2"]
[Site "Pleven BUL"]
[Date "2010.01.12"]
[Round "2.3"]
[White "Stojanovic, Dalibor"]
[Black "Krivokapic, Marko"]
[Result "1/2-1/2"]
[WhiteElo "2473"]
[BlackElo "2422"]
[PlyCount "30"]
[EventDate "2010.01.11"]
[EventRounds "9"]
[EventCountry "BUL"]
[EventCategory "12"]

1. e4 c5 2. Nf3 d6 3. d4 cxd4 4. Nxd4 Nf6 5. Nc3 a6 6. Be3 e6 7. Be2 Qc7 8. a4
b6 9. f4 Bb7 10. Bf3 Nbd7 11. f5 e5 12. Nb3 Rc8 13. O-O Be7 14. Qd3 O-O 15.
Rfd1 Rfe8 1/2-1/2

[Event "1st Balkan Grand Prix-final r_2"]
[Site "Pleven BUL"]
[Date "2010.01.12"]
[Round "2.4"]
[White "Nikolov, Momchil"]
[Black "Sedlak, Nikola"]
[Result "1-0"]
[WhiteElo "2539"]
[BlackElo "2563"]
[PlyCount "65"]
[EventDate "2010.01.11"]
[EventRounds "9"]
[EventCountry "BUL"]
[EventCategory "12"]

1. d4 Nf6 2. c4 g6 3. Nc3 d5 4. cxd5 Nxd5 5. e4 Nxc3 6. bxc3 Bg7 7. Be3 c5 8.
Rc1 Qa5 9. Qd2 O-O 10. d5 f5 11. Nf3 Nd7 12. exf5 Nf6 13. d6 Bxf5 14. dxe7 Rfe8
15. Bc4+ Kh8 16. O-O Rxe7 17. Bh6 Rd8 18. Qg5 Qc7 19. Rfe1 Ne4 20. Bxg7+ Kxg7
21. Qe3 Rde8 22. Bb5 Nd6 23. Bxe8 Rxe3 24. Rxe3 b5 25. Rce1 Kf6 26. h3 Qc8 27.
Re7 a6 28. R1e5 b4 29. g4 Bxg4 30. Ng5 Be6 31. R7xe6+ Kg7 32. Rxd6 bxc3 33.
Rd7+ 1-0

[Event "1st Balkan Grand Prix-final r_2"]
[Site "Pleven BUL"]
[Date "2010.01.12"]
[Round "2.5"]
[White "Szabo, Gergely-Andras-Gyul"]
[Black "Chatalbashev, Boris"]
[Result "1/2-1/2"]
[WhiteElo "2541"]
[BlackElo "2561"]
[PlyCount "46"]
[EventDate "2010.01.11"]
[EventRounds "9"]
[EventCountry "BUL"]
[EventCategory "12"]

1. e4 g6 2. d4 Bg7 3. Nc3 d6 4. Be3 c6 5. Qd2 b5 6. f3 Nd7 7. h4 h5 8. Nh3 Ngf6
9. Ng5 O-O 10. a4 b4 11. Nd1 a5 12. Nf2 e5 13. c3 d5 14. Be2 Qe7 15. O-O Rd8
16. Rac1 Bb7 17. Qc2 bxc3 18. bxc3 c5 19. Qb2 Bc6 20. Bb5 Bxb5 21. Qxb5 cxd4
22. cxd4 Qb4 23. Rb1 Qxb5 1/2-1/2

[Event "1st Balkan Grand Prix - Final tournamen"]
[Site "Pleven BUL"]
[Date "2010.01.13"]
[Round "3.1"]
[White "Chatalbashev, Boris"]
[Black "Lupulescu, Constantin"]
[Result "1/2-1/2"]
[WhiteElo "2561"]
[BlackElo "2592"]
[PlyCount "29"]
[EventDate "2010.??.??"]

1. c4 e6 2. Nf3 d5 3. g3 dxc4 4. Qa4+ c6 5. Qxc4 b5 6. Qc2 Bb7 7. Bg2 Nd7 8.
O-O Ngf6 9. d3 Be7 10. Nbd2 O-O 11. b3 c5 12. Bb2 Rc8 13. Rac1 Qb6 14. Qb1 Rfd8
15. Qa1 1/2-1/2

[Event "1st Balkan Grand Prix - Final tournamen"]
[Site "Pleven BUL"]
[Date "2010.01.13"]
[Round "3.2"]
[White "Sedlak, Nikola"]
[Black "Szabo, Gergely-Andras-Gyul"]
[Result "1-0"]
[WhiteElo "2563"]
[BlackElo "2541"]
[PlyCount "73"]
[EventDate "2010.??.??"]

1. e4 e6 2. d4 d5 3. Nc3 dxe4 4. Nxe4 Bd7 5. Nf3 Bc6 6. Bd3 Be7 7. Qe2 Nf6 8.
Bf4 Nxe4 9. Bxe4 Bxe4 10. Qxe4 c6 11. Be5 O-O 12. Qg4 Bf6 13. O-O-O Nd7 14. Bd6
Be7 15. Bxe7 Qxe7 16. Rhe1 Nf6 17. Qh4 Rfd8 18. Ng5 Qb4 19. Re3 Qa5 20. a3 h6
21. Nf3 Qh5 22. Qxh5 Nxh5 23. Ne5 Rac8 24. g3 Nf6 25. a4 c5 26. dxc5 Rxd1+ 27.
Kxd1 Rxc5 28. b4 Rc7 29. c4 Nd7 30. Nxd7 Rxd7+ 31. Kc2 Kf8 32. Rd3 Rc7 33. Kc3
Ke7 34. c5 a5 35. Rd6 axb4+ 36. Kxb4 Rd7 37. Kb5 1-0

[Event "1st Balkan Grand Prix - Final tournamen"]
[Site "Pleven BUL"]
[Date "2010.01.13"]
[Round "3.3"]
[White "Krivokapic, Marko"]
[Black "Nikolov, Momchil"]
[Result "1/2-1/2"]
[WhiteElo "2422"]
[BlackElo "2539"]
[PlyCount "28"]
[EventDate "2010.??.??"]

1. e4 c5 2. Nf3 e6 3. d4 cxd4 4. Nxd4 a6 5. Nc3 Qc7 6. Bd3 Nf6 7. f4 d6 8. Qf3
Nbd7 9. g4 Nc5 10. g5 Nfd7 11. Be3 b5 12. O-O Bb7 13. a3 g6 14. Qh3 e5 1/2-1/2

[Event "1st Balkan Grand Prix - Final tournamen"]
[Site "Pleven BUL"]
[Date "2010.01.13"]
[Round "3.4"]
[White "Vuckovic, Bojan"]
[Black "Stojanovic, Dalibor"]
[Result "1-0"]
[WhiteElo "2626"]
[BlackElo "2473"]
[PlyCount "113"]
[EventDate "2010.??.??"]

1. e4 c5 2. Nf3 Nc6 3. d4 cxd4 4. Nxd4 g6 5. c4 Nf6 6. Nc3 Nxd4 7. Qxd4 d6 8.
Bg5 Bg7 9. Qd2 O-O 10. Bd3 Be6 11. Rc1 Qa5 12. b3 Rfc8 13. f3 a6 14. Nd5 Qxd2+
15. Kxd2 Bxd5 16. cxd5 Kf8 17. Rxc8+ Rxc8 18. Rc1 Rxc1 19. Kxc1 Nd7 20. Kc2 Be5
21. h3 Bd4 22. b4 Ke8 23. a4 Kd8 24. a5 Bf2 25. Bd2 Bd4 26. Be2 Kc7 27. f4 Bf2
28. Kd3 Bh4 29. Bd1 Bf2 30. Ba4 Kd8 31. Ke2 Bd4 32. g4 Kc7 33. g5 Bg7 34. Kf3
Bd4 35. Ke2 Bg7 36. Kd3 h6 37. h4 h5 38. Be3 Bb2 39. Kc2 Bg7 40. Kd3 Bb2 41.
Kc4 Kd8 42. Bc2 Kc7 43. Bd3 Bg7 44. Bd4 b5+ 45. Kc3 Bxd4+ 46. Kxd4 Nf8 47. Bf1
e6 48. Bh3 Kd8 49. e5 Ke7 50. Ke4 Kd7 51. dxe6+ fxe6 52. exd6 Kxd6 53. Kd4 Nd7
54. Bg2 e5+ 55. fxe5+ Nxe5 56. Be4 Ke6 57. Kc5 1-0

[Event "1st Balkan Grand Prix-final r_4"]
[Site "Pleven BUL"]
[Date "2010.01.13"]
[Round "4.1"]
[White "Lupulescu, Constantin"]
[Black "Iotov, Valentin"]
[Result "1-0"]
[WhiteElo "2592"]
[BlackElo "2575"]
[PlyCount "153"]
[EventDate "2010.01.11"]
[EventRounds "9"]
[EventCountry "BUL"]
[EventCategory "12"]

1. e4 e6 2. d4 d5 3. Nd2 Be7 4. e5 c5 5. Qg4 Kf8 6. Ndf3 Nc6 7. Bd3 c4 8. Be2
h5 9. Qf4 Nh6 10. Bd1 Nf5 11. Ne2 f6 12. h4 Bd7 13. c3 g6 14. Bc2 Qe8 15. g4
hxg4 16. Qxg4 Qf7 17. Nf4 g5 18. exf6 Bxf6 19. Nxg5 Bxg5 20. Qxg5 Rg8 21. Qh5
e5 22. dxe5 Nxe5 23. Be3 Qxh5 24. Nxh5 Nf3+ 25. Ke2 Nxe3 26. Kxe3 Re8+ 27. Kf4
Re7 28. Nf6 Rf7 29. Kxf3 Rxf6+ 30. Ke3 Rg2 31. Raf1 Re6+ 32. Kd2 Rf6 33. Ke3
Re6+ 34. Kd2 Rf6 35. h5 Rfxf2+ 36. Ke3 Rxf1 37. Rxf1+ Ke7 38. Rf2 Rg3+ 39. Rf3
Rg2 40. Rf2 Rg3+ 41. Rf3 Rg2 42. Bg6 Be6 43. Rf2 Rg3+ 44. Kf4 Rg4+ 45. Ke5 Rg5+
46. Kd4 Rg4+ 47. Kc5 d4 48. cxd4 Rg5+ 49. d5 Rxd5+ 50. Kb4 a5+ 51. Kc3 Rg5 52.
Rh2 b5 53. h6 b4+ 54. Kd4 Rd5+ 55. Ke4 Rd8 56. h7 Kf6 57. h8=Q+ Rxh8 58. Rxh8
Kxg6 59. Rh2 Kf6 60. Kd4 Ke7 61. Kc5 b3 62. axb3 cxb3 63. Kb5 Kd6 64. Rd2+ Bd5
65. Rd1 a4 66. Kxa4 Kc5 67. Rxd5+ Kxd5 68. Kxb3 Kc5 69. Ka4 Kb6 70. Kb4 Kc6 71.
Ka5 Kb7 72. Kb5 Ka7 73. Kc6 Ka6 74. b4 Ka7 75. b5 Kb8 76. Kb6 Ka8 77. Kc7 1-0

[Event "1st Balkan Grand Prix-final r_4"]
[Site "Pleven BUL"]
[Date "2010.01.13"]
[Round "4.3"]
[White "Nikolov, Momchil"]
[Black "Vuckovic, Bojan"]
[Result "1/2-1/2"]
[WhiteElo "2539"]
[BlackElo "2626"]
[PlyCount "26"]
[EventDate "2010.01.11"]
[EventRounds "9"]
[EventCountry "BUL"]
[EventCategory "12"]

1. d4 Nf6 2. c4 c5 3. d5 b5 4. cxb5 a6 5. bxa6 g6 6. Nc3 Bxa6 7. Nf3 Bg7 8. e4
Bxf1 9. Kxf1 d6 10. g3 O-O 11. Kg2 Nbd7 12. h3 Ra6 13. Re1 Qa8 1/2-1/2

[Event "1st Balkan Grand Prix-final r_4"]
[Site "Pleven BUL"]
[Date "2010.01.13"]
[Round "4.4"]
[White "Szabo, Gergely-Andras-Gyul"]
[Black "Krivokapic, Marko"]
[Result "1/2-1/2"]
[WhiteElo "2541"]
[BlackElo "2422"]
[PlyCount "31"]
[EventDate "2010.01.11"]
[EventRounds "9"]
[EventCountry "BUL"]
[EventCategory "12"]

1. e4 c5 2. c3 Nf6 3. e5 Nd5 4. d4 cxd4 5. Nf3 Nc6 6. Bc4 Nb6 7. Bb3 d5 8. exd6
Qxd6 9. Na3 a6 10. cxd4 Bf5 11. O-O e6 12. Be3 Be7 13. Ne5 O-O 14. Nac4 Nxc4
15. Nxc4 Qd8 16. Ne5 1/2-1/2

[Event "1st Balkan Grand Prix-final r_4"]
[Site "Pleven BUL"]
[Date "2010.01.13"]
[Round "4.5"]
[White "Chatalbashev, Boris"]
[Black "Sedlak, Nikola"]
[Result "1/2-1/2"]
[WhiteElo "2561"]
[BlackElo "2563"]
[PlyCount "82"]
[EventDate "2010.01.11"]
[EventRounds "9"]
[EventCountry "BUL"]
[EventCategory "12"]

1. d4 Nf6 2. c4 g6 3. Nc3 d5 4. cxd5 Nxd5 5. e4 Nxc3 6. bxc3 Bg7 7. Bg5 c5 8.
Rc1 Qa5 9. Qd2 h6 10. Be3 cxd4 11. cxd4 Qxd2+ 12. Kxd2 O-O 13. Nf3 Rd8 14. Bb5
Nc6 15. Bxc6 bxc6 16. Rc5 Be6 17. Ne5 Bxa2 18. Nxc6 Rd7 19. Ra1 Be6 20. Ra6 f5
21. f3 fxe4 22. fxe4 Bf7 23. Rca5 Bc4 24. Rxa7 Raxa7 25. Rxa7 Rxa7 26. Nxa7 Bf1
27. g3 Bg2 28. Kd3 Bf1+ 29. Kc3 Bg2 30. e5 Kf7 31. Nb5 Ke6 32. h4 Kd7 33. Na3
Kc6 34. Nc2 Be4 35. Nb4+ Kb5 36. Nd3 Bxd3 37. Kxd3 e6 38. g4 h5 39. gxh5 gxh5
40. Ke4 Kc6 41. d5+ Kd7 1/2-1/2

[Event "1st Balkan Grand Prix-final r_5"]
[Site "Pleven BUL"]
[Date "2010.01.14"]
[Round "5.1"]
[White "Sedlak, Nikola"]
[Black "Lupulescu, Constantin"]
[Result "0-1"]
[WhiteElo "2563"]
[BlackElo "2592"]
[PlyCount "218"]
[EventDate "2010.01.11"]
[EventRounds "9"]
[EventCountry "BUL"]
[EventCategory "12"]

1. e4 c5 2. Nf3 d6 3. d4 cxd4 4. Nxd4 Nf6 5. Nc3 Nc6 6. Bg5 e6 7. Bb5 Qb6 8.
Bxf6 gxf6 9. a4 Bd7 10. Nb3 a6 11. a5 Qc7 12. Be2 Bg7 13. Qd2 Ne7 14. Bd3 Bc6
15. O-O d5 16. Qe2 dxe4 17. Bxe4 f5 18. Bxc6+ Qxc6 19. Rfd1 Rg8 20. g3 Bxc3 21.
bxc3 Nd5 22. Rd4 Nxc3 23. Qd3 Rc8 24. Re1 Qb5 25. Qf3 Ne4 26. Red1 Ke7 27. Qf4
Rg4 28. Qe3 Nf6 29. Rd6 f4 30. Qf3 fxg3 31. hxg3 Rc7 32. Rb6 Qh5 33. Nd4 Nd5
34. Rb3 Ke8 35. Re1 Rg5 36. Qd3 Qg6 37. Qd2 Rh5 38. c4 Ne7 39. Qf4 Rd7 40. Nf3
Nc6 41. Nh4 Qg5 42. Qe4 Qc5 43. Rbe3 Nxa5 44. Qf4 Qg5 45. Qb8+ Qd8 46. Qf4 Nc6
47. Nf3 Qe7 48. Qg4 Rh6 49. Nh4 Rf6 50. Qg8+ Qf8 51. Qg5 Qh6 52. Qg8+ Qf8 53.
Qg5 Qh8 54. Re4 h6 55. Qh5 Kd8 56. Qc5 Kc8 57. Kg2 Qd8 58. Nf3 Qe7 59. Qe3 Qd6
60. Qc1 Rg6 61. Qb2 Rg8 62. Qf6 Rg6 63. Qb2 Qe7 64. Rf4 Rd8 65. Nh4 Rg5 66. Nf5
Qf8 67. Rb1 Rd7 68. Ne3 h5 69. c5 Rxc5 70. Nc4 Rb5 71. Qa1 Qc5 72. Rc1 Kc7 73.
Ne3 Qe5 74. Qa4 Ra5 75. Qc2 Rb5 76. Rc4 Rb6 77. Rc5 Qd4 78. Rd1 Qb4 79. Rxd7+
Kxd7 80. Rxh5 Rb5 81. Rh7 Qe7 82. Qe4 Rb4 83. Qf3 Ne5 84. Qd1+ Qd6 85. Qh5 Rb2
86. Rxf7+ Nxf7 87. Qxf7+ Qe7 88. Qg8 Kc7 89. g4 Qf6 90. Qh7+ Kb8 91. Qh2+ Ka7
92. Qg3 Rb5 93. Qd6 Qe5 94. Qd3 Rc5 95. Kh3 Rc8 96. Qg6 Rf8 97. Kg2 Qb2 98. Nc2
Qf6 99. Qxf6 Rxf6 100. Kg3 b5 101. f4 Kb6 102. g5 Rg6 103. Kg4 Kc5 104. Kh5 Rg8
105. g6 b4 106. Kh6 b3 107. Na3 Kb4 108. Nb1 a5 109. g7 a4 0-1

[Event "1st Balkan Grand Prix-final r_5"]
[Site "Pleven BUL"]
[Date "2010.01.14"]
[Round "5.2"]
[White "Krivokapic, Marko"]
[Black "Chatalbashev, Boris"]
[Result "0-1"]
[WhiteElo "2422"]
[BlackElo "2561"]
[PlyCount "54"]
[EventDate "2010.01.11"]
[EventRounds "9"]
[EventCountry "BUL"]
[EventCategory "12"]

1. e4 g6 2. d4 Bg7 3. Nc3 d6 4. f4 Nf6 5. Nf3 O-O 6. Bd3 Nc6 7. e5 dxe5 8. fxe5
Nd7 9. Ne2 Nb6 10. c3 f6 11. h4 fxe5 12. h5 Bf5 13. hxg6 hxg6 14. Bc2 Qd6 15.
Bb3+ e6 16. Bg5 Nd5 17. Qd2 exd4 18. Bh6 dxc3 19. bxc3 Nf6 20. Qg5 Ne4 21. Qh4
Qe7 22. Qh2 Rad8 23. Be3 g5 24. a3 Rd3 25. g4 Bg6 26. Nfd4 Rxe3 27. Bxe6+ Rf7
0-1

[Event "1st Balkan Grand Prix-final r_5"]
[Site "Pleven BUL"]
[Date "2010.01.14"]
[Round "5.3"]
[White "Vuckovic, Bojan"]
[Black "Szabo, Gergely-Andras-Gyul"]
[Result "1-0"]
[WhiteElo "2626"]
[BlackElo "2541"]
[PlyCount "95"]
[EventDate "2010.01.11"]
[EventRounds "9"]
[EventCountry "BUL"]
[EventCategory "12"]

1. e4 c5 2. Nf3 d6 3. d4 cxd4 4. Nxd4 Nf6 5. Nc3 e6 6. g4 e5 7. Bb5+ Bd7 8.
Bxd7+ Qxd7 9. Nf5 h5 10. gxh5 Nxh5 11. Bh6 g6 12. Bxf8 gxf5 13. Bxd6 Nc6 14.
Bc5 Qxd1+ 15. Rxd1 b6 16. Bd6 O-O-O 17. exf5 Nf4 18. Ne4 Rh4 19. Kf1 Nh5 20.
Nc3 Rf4 21. Ba3 Rh8 22. Ne2 Rxf5 23. b3 Nf4 24. Nxf4 Rxf4 25. Rd3 e4 26. Rc3
Kb7 27. Bc1 Rfh4 28. Kg2 Nd4 29. Bg5 R4h5 30. Bf6 Rg8+ 31. Rg3 Rxg3+ 32. Kxg3
Nxc2 33. Kg4 Rd5 34. h4 Rd2 35. Kg3 Rd3+ 36. Kg2 Rf3 37. Bb2 Nb4 38. h5 Nd3 39.
h6 Nf4+ 40. Kg1 Nh3+ 41. Kf1 Nxf2 42. h7 Nxh1+ 43. Kg2 Rf2+ 44. Kxh1 Rxb2 45.
h8=Q Rxa2 46. Qe5 a5 47. b4 Ra4 48. b5 1-0

[Event "1st Balkan Grand Prix-final r_5"]
[Site "Pleven BUL"]
[Date "2010.01.14"]
[Round "5.4"]
[White "Drasko, Milan"]
[Black "Nikolov, Momchil"]
[Result "1/2-1/2"]
[WhiteElo "2537"]
[BlackElo "2539"]
[PlyCount "32"]
[EventDate "2010.01.11"]
[EventRounds "9"]
[EventCountry "BUL"]
[EventCategory "12"]

1. Nf3 Nf6 2. g3 b5 3. Bg2 Bb7 4. O-O c5 5. d3 d6 6. c3 e6 7. a4 a6 8. axb5
axb5 9. Rxa8 Bxa8 10. Qb3 Qb6 11. Na3 Bc6 12. Ng5 Bd7 13. Bd2 Be7 14. Ra1 O-O
15. Nc4 Qc7 16. Na3 Qb6 1/2-1/2

[Event "1st Balkan Grand Prix-final r_5"]
[Site "Pleven BUL"]
[Date "2010.01.14"]
[Round "5.5"]
[White "Iotov, Valentin"]
[Black "Stojanovic, Dalibor"]
[Result "1/2-1/2"]
[WhiteElo "2575"]
[BlackElo "2473"]
[PlyCount "46"]
[EventDate "2010.01.11"]
[EventRounds "9"]
[EventCountry "BUL"]
[EventCategory "12"]

1. d4 d5 2. Nf3 Nf6 3. c4 c6 4. Nc3 dxc4 5. a4 Bf5 6. Ne5 e6 7. f3 c5 8. e4 Bg6
9. Be3 cxd4 10. Qxd4 Qxd4 11. Bxd4 Nfd7 12. Nxd7 Nxd7 13. Bxc4 Rc8 14. Bb5 a6
15. Bxd7+ Kxd7 16. a5 f6 17. O-O-O Ke8 18. Rd2 Bb4 19. Bb6 Ke7 20. Rhd1 Be8 21.
Rd8 Bc6 22. R8d4 Bxc3 23. bxc3 e5 1/2-1/2

[Event "1st Balkan Grand Prix-final r_6"]
[Site "Pleven BUL"]
[Date "2010.01.15"]
[Round "6.1"]
[White "Lupulescu, Constantin"]
[Black "Stojanovic, Dalibor"]
[Result "1/2-1/2"]
[WhiteElo "2592"]
[BlackElo "2473"]
[PlyCount "43"]
[EventDate "2010.01.11"]
[EventRounds "9"]
[EventCountry "BUL"]
[EventCategory "12"]

1. e4 e5 2. Nf3 Nc6 3. Bc4 Bc5 4. c3 Nf6 5. d3 d6 6. Nbd2 a6 7. Bb3 Ba7 8. h3
O-O 9. Nf1 d5 10. Qe2 d4 11. Ng3 h6 12. O-O Be6 13. Nh4 Kh7 14. Ngf5 Ne7 15.
Qf3 Nxf5 16. Nxf5 Ng8 17. Qg3 Qf6 18. cxd4 Bxf5 19. exf5 Bxd4 20. Bd5 c6 21.
Be4 Qd6 22. Qf3 1/2-1/2

[Event "1st Balkan Grand Prix-final r_6"]
[Site "Pleven BUL"]
[Date "2010.01.15"]
[Round "6.2"]
[White "Nikolov, Momchil"]
[Black "Iotov, Valentin"]
[Result "1/2-1/2"]
[WhiteElo "2539"]
[BlackElo "2575"]
[PlyCount "53"]
[EventDate "2010.01.11"]
[EventRounds "9"]
[EventCountry "BUL"]
[EventCategory "12"]

1. d4 Nf6 2. c4 e6 3. Nf3 d5 4. Nc3 Bb4 5. Qa4+ Nc6 6. a3 Bxc3+ 7. bxc3 Ne4 8.
cxd5 exd5 9. c4 O-O 10. e3 Bg4 11. Bb2 Qf6 12. Be2 Rad8 13. Rd1 Rfe8 14. Qc2
Qg6 15. O-O dxc4 16. Qxc4 Ng5 17. Nxg5 Bxe2 18. Qxe2 Qxg5 19. e4 Qg6 20. Rfe1
f5 21. f3 fxe4 22. fxe4 Rd7 23. Rd3 Rde7 24. Re3 Nd8 25. a4 c6 26. Ba3 Re6 27.
h3 1/2-1/2

[Event "1st Balkan Grand Prix-final r_6"]
[Site "Pleven BUL"]
[Date "2010.01.15"]
[Round "6.3"]
[White "Szabo, Gergely-Andras-Gyul"]
[Black "Drasko, Milan"]
[Result "1-0"]
[WhiteElo "2541"]
[BlackElo "2537"]
[PlyCount "75"]
[EventDate "2010.01.11"]
[EventRounds "9"]
[EventCountry "BUL"]
[EventCategory "12"]

1. e4 e6 2. d4 d5 3. Nd2 Be7 4. e5 c5 5. Qg4 Bf8 6. dxc5 Qc7 7. Ngf3 Nd7 8. Bb5
Qxc5 9. Bd3 g6 10. O-O Bg7 11. Re1 Ne7 12. c4 O-O 13. Qh4 Nf5 14. Bxf5 exf5 15.
b3 Re8 16. cxd5 b5 17. Bb2 Qxd5 18. Rad1 Qb7 19. Nf1 Nf8 20. Ne3 Be6 21. Ng5 h6
22. Nxe6 fxe6 23. Rd6 g5 24. Qd4 Ng6 25. Nxf5 Nf4 26. Ne3 b4 27. f3 Rac8 28. g3
Ng6 29. Qd3 Qxf3 30. Qxg6 Rf8 31. Qxe6+ Kh8 32. Rd2 Rcd8 33. Rde2 Rd3 34. Qg6
Rxe3 35. Rxe3 Qf2+ 36. Kh1 Qxb2 37. R3e2 Qc3 38. Qe4 1-0

[Event "1st Balkan Grand Prix-final r_6"]
[Site "Pleven BUL"]
[Date "2010.01.15"]
[Round "6.4"]
[White "Chatalbashev, Boris"]
[Black "Vuckovic, Bojan"]
[Result "1/2-1/2"]
[WhiteElo "2561"]
[BlackElo "2626"]
[PlyCount "83"]
[EventDate "2010.01.11"]
[EventRounds "9"]
[EventCountry "BUL"]
[EventCategory "12"]

1. d4 d5 2. c4 c6 3. Nf3 Nf6 4. e3 Bf5 5. Nc3 e6 6. Nh4 Bg6 7. Bd2 Nbd7 8. Nxg6
hxg6 9. Qc2 Bd6 10. O-O-O Qe7 11. Kb1 Bc7 12. h3 O-O-O 13. Be2 Kb8 14. Bc1 dxc4
15. Bxc4 Nb6 16. Bb3 e5 17. dxe5 Bxe5 18. Rxd8+ Rxd8 19. Rd1 Rxd1 20. Qxd1 Bxc3
21. bxc3 Nbd5 22. Bb2 b5 23. c4 Qe4+ 24. Qc2 bxc4 25. Bxc4 Qxg2 26. Be5+ Ka8
27. Kb2 Qe4 28. Bxf6 Nxf6 29. Bxf7 g5 30. Qc5 Kb7 31. Bb3 g4 32. hxg4 Nxg4 33.
Bc2 Qd5 34. Qe7+ Kb6 35. Qxg7 Ne5 36. Qf6 Ka6 37. Bb3 Qd2+ 38. Kb1 Qe1+ 39. Kc2
Qe2+ 40. Kb1 Qe1+ 41. Kc2 Qe2+ 42. Kb1 1/2-1/2

[Event "1st Balkan Grand Prix-final r_6"]
[Site "Pleven BUL"]
[Date "2010.01.15"]
[Round "6.5"]
[White "Sedlak, Nikola"]
[Black "Krivokapic, Marko"]
[Result "1-0"]
[WhiteElo "2563"]
[BlackElo "2422"]
[PlyCount "65"]
[EventDate "2010.01.11"]
[EventRounds "9"]
[EventCountry "BUL"]
[EventCategory "12"]

1. e4 c5 2. Nf3 d6 3. Bc4 Nf6 4. d3 e6 5. Bb3 Nc6 6. c3 Be7 7. O-O a6 8. Re1 b5
9. Nbd2 Bb7 10. Nf1 O-O 11. Ng3 Rc8 12. a3 Qc7 13. Bf4 Ne5 14. d4 Nc4 15. Re2
Qb6 16. Rb1 cxd4 17. cxd4 Rfd8 18. Bc2 a5 19. Bd3 b4 20. Rc2 d5 21. e5 Ne4 22.
axb4 axb4 23. Qe2 b3 24. Rcc1 Nxg3 25. hxg3 Rc7 26. Rd1 Ra8 27. Ng5 h6 28. Nh7
Qxd4 29. Qh5 Nxb2 30. Nf6+ Kf8 31. Bxh6 Bxf6 32. exf6 Qxf6 33. Bg5 1-0

[Event "1st Balkan Grand Prix-final r_7"]
[Site "Pleven BUL"]
[Date "2010.01.15"]
[Round "7.1"]
[White "Krivokapic, Marko"]
[Black "Lupulescu, Constantin"]
[Result "1/2-1/2"]
[WhiteElo "2422"]
[BlackElo "2592"]
[PlyCount "36"]
[EventDate "2010.01.11"]
[EventRounds "9"]
[EventCountry "BUL"]
[EventCategory "12"]

1. e4 c5 2. Nf3 Nc6 3. d4 cxd4 4. Nxd4 Nf6 5. Nc3 d6 6. Bg5 e6 7. Qd2 a6 8.
O-O-O Bd7 9. f3 Be7 10. Be3 h5 11. Kb1 Qc7 12. Nxc6 Bxc6 13. Ne2 b5 14. Nd4 Bb7
15. Bd3 g6 16. Nb3 e5 17. Na5 Bc8 18. c4 Kf8 1/2-1/2